000 00367 a2200169 4500
001 182207
020 _a85-08-04729-0
040 _cMagnum
100 _aDoyle, Conan
240 1 0 _aUm estudo em vermelho
_lpor
245 1 0 _aUm estudo em vermelho
300 _a151
362 0 _a1998
440 1 _aÁtica
697 _aLITERATURA GERAL ESTRANGEIRA
942 _cBK
999 _c182207
_d182207